000 00371 a2200133 4500
000 nam a22 7a 4500
100 _a Bayanla, Mahendra Pratap & P K Meena
110 _a Bayanla, Mahendra Pratap & P K Meena
245 _aRajneeti Ke Antararashtriya Paridrashay
250 _alatest edition
260 _bParadise
_c2025
264 _bParadise
_c2025
942 _cBK
999 _c395348
_d395348